コカ・コーラ社の飲料 - Statistics

General Stats
  • This quiz has been taken 579 times
  • The average score is 9 of 21
Answer Stats
Hint Answer % Correct
水(鉱水) い・ろ・は・す 天然水
71%
緑茶(国産)/ビタミンC 綾鷹
68%
コーヒー(コーヒー豆(ブラジル、ベトナム(5% 未満)))/香料 ジョージア THE ブラック
67%
果実(オレンジ(メキシコ)、うんしゅうみかん)、果糖ぶどう糖液糖/香料、酸味料、ビタミンC、カロチン色素、パントテン酸Ca、ナイアシン、ビタミンB6 ミニッツメイドQooオレンジ
64%
牛乳(国内製造)、砂糖、脱脂粉乳、緑茶(抹茶)、植物油脂、脱脂濃縮乳加工品、デキストリン、食塩/セルロース、乳化剤、酸化防止剤(ビタミンC)、カゼインNa、香料、着色料 (クチナシ、紅花黄) 綾鷹カフェ 抹茶ラテ
63%
ナチュラルミネラルウォーター、レモン果汁、レモンエキス/ 香料 い・ろ・は・す 天然水にれもん
63%
果糖ぶどう糖液糖、ジンジャーエキス/炭酸、香料、酸味料、カラメル色素、酸化防止剤(ビタミンC) カナダドライ ジンジャーエール
57%
果糖ぶどう糖液糖、ぶどう果汁、ぶどうエキス/炭酸、香料、酸味料、着色料(カラメル、アントシアニン)、保存料(安息香酸Na)、甘味料(ステビア)、ビタミンB6 ファンタ グレープ
55%
レモン、果糖ぶどう糖液糖、スピリッツ、食塩/炭酸、香料、酸味料、酸化防止剤(ビタミンC) 檸檬堂 定番レモン
55%
ハトムギ(ラオス、国産)、玄米(発芽玄米2%)、大麦、どくだみ、はぶ茶、チコリー、麦芽エキスパウダー、 月見草、ナンバンキビ、オオムギ若葉、明日葉、杜仲葉、ヨモギ/ビタミンC 爽健美茶
49%
糖類(果糖ぶどう糖液糖、砂糖)/ 炭酸、カラメル色素、酸味料、香料、カフェイン コカ・コーラ
47%
大麦(カナダ、国産)、大麦エキス/ビタミンC やかんの麦茶 from 爽健美茶
47%
炭酸、カラメル色素、酸味料、甘味料(スクラロース、アセスルファムK)、香料、カフェイン コカ・コーラ ゼロ
38%
果糖ぶどう糖液糖(国内製造)、食塩/クエン酸、香料、クエン酸Na、塩化K、硫酸Mg、乳酸Ca、酸化防止剤(ビタミンC)、甘味料(スクラロース)、イソロイシン、バリン、ロイシン アクエリアス
32%
炭酸、カラメル色素、酸味料、甘味料(スクラロース、アセスルファムK)、香料 コカ・コーラ ゼロカフェイン
26%
食物繊維(難消化性デキストリン)、ほうじ茶、烏龍茶、紅茶/ビタミンC からだすこやか茶ダブル
24%
緑茶(国産)、レモン果汁、GABAパウダー/香料、ビタミンC からだリフレッシュ茶ダブル
24%
烏龍茶、緑茶、どくだみ、熊笹、杜仲葉、プーアル茶、はすの葉、黄茶、クコの実、みかんの皮、山楂子、高麗人参、霊芝、ビタミンC からだ巡茶
23%
果糖ぶどう糖液糖/ 炭酸、カラメル色素、香料、酸味料、保存料 (安息香酸Na)、カフェイン ドクターペッパー
20%
果糖ぶどう糖液糖(国内製造)/炭酸、香料、酸味料、着色料(紅花黄、クチナシ)、ビタミンC ファンタ メロンソーダ
19%
緑茶(国産)、GABAパウダー/ビタミンC からだおだやか茶ダブル
18%
No matching quizzes found
Score Distribution
Percent of People with Each Score
Percentile by Number Answered
Your Score History
You have not taken this quiz